The Flags of the Capitals #4 - Statistics

General Stats
  • This quiz has been taken 23 times
  • The average score is 9 of 16
Answer Stats
Picture Answer % Correct
Astana
88%
Lima
88%
Lisbon
88%
Addis Ababa
75%
Budapest
75%
Athens
69%
Kyiv
63%
Wellington
63%
Luanda
56%
Bratislava
50%
Nairobi
50%
Kuwait City
38%
Quito
38%
Rabat
25%
San Juan
25%
Santo Domingo
25%
No matching quizzes found
Score Distribution
Percent of People with Each Score
Percentile by Number Answered
Your Score History
You have not taken this quiz